000 00405cam a2200145ua 4500
041 _aeng
_h
082 _a370.1
_bKIN/SO
100 _aKing, Beatrice .
245 _aSoviet Russia goes to school: A guide to Soviet education /
_cBeatrice King.
_hTextual Documents
260 _aNew Delhi :
_bPeoples publishing house ,
_c1956.
300 _a264 ; .
504 _a
942 _cBK
999 _c12650
_d12650